000 00338nam a22001457a 4500
020 _a978-81-317-3071-3
041 _aENG
100 _aChopra.S
245 _aSupply Chain Management Stratgy, Planning ,And Operation
260 _aDelhi
_bPearson
_c2010
300 _a555
650 _aFS
700 _aKalra. D. V
856 _uFS ( 36 )
999 _c857
_d857